书目信息 |
| 题名: |
特色小镇建设背景及居民幸福感感知研究
|
|
| 作者: | 陈建斌 著 | |
| 分册: | ||
| 出版信息: | 北京 经济科学出版社 2021.07 |
|
| 页数: | 142页 | |
| 开本: | 24cm | |
| 丛书名: | ||
| 单 册: | ||
| 中图分类: | F299 , D668 | |
| 科图分类: | ||
| 主题词: | 小城镇--xiao cheng zhen--城市建设--关系--居民--幸福--研究--广东 | |
| 电子资源: | ||
| ISBN: | 978-7-5218-1616-7 | |
| 000 | 01428nam0 2200289 450 | |
| 001 | CAL 0120217214539 | |
| 005 | 20210806141716.7 | |
| 010 | @a978-7-5218-1616-7@dCNY39.00 | |
| 100 | @a20210804d2021 em y0chiy0120 ea | |
| 101 | 0 | @achi |
| 102 | @aCN@b110000 | |
| 105 | @aak a 000yy | |
| 106 | @ar | |
| 200 | 1 | @a特色小镇建设背景及居民幸福感感知研究@Ate se xiao zhen jian she bei jing ji ju min xing fu gan gan zhi yan jiu@e以广东省为例@d= Research on the perception of happiness under the background of the construction of characteristics towns@etaking Guangdong province as an example@f陈建斌等著@zeng |
| 210 | @a北京@c经济科学出版社@d2021.07 | |
| 215 | @a142页@c图@d24cm | |
| 300 | @a广西省第九轮重点学科 广东财经大学工商管理优势重点学科建设专项资金资助 | |
| 314 | @a陈建斌, 澳门科技大学旅游管理哲学博士。 | |
| 320 | @a有书目 (第131-140页) | |
| 330 | @a本书内容包括: 特色小镇、产业发展与居民感知研究现状 ; 中国城市化发展特征与特色小镇建设 ; 广东省旅游经济协调发展的空间格局及演化对特色小镇建设的影响等。 | |
| 510 | 1 | @aResearch on the perception of happiness under the background of the construction of characteristics towns@etaking Guangdong province as an example@zeng |
| 606 | 0 | @a小城镇@Axiao cheng zhen@x城市建设@x关系@x居民@x幸福@x研究@y广东 |
| 690 | @aF299@v5 | |
| 690 | @aD668@v5 | |
| 701 | 0 | @a陈建斌@Achen jian bin@4著 |
| 801 | 0 | @aCN@b人天书店@c20210804 |
| 905 | @aTSG@b0000677@dF299@eC460@f2 | |
| 特色小镇建设背景及居民幸福感感知研究:以广东省为例= Research on the perception of happiness under the background of the construction of characteristics towns:taking Guangdong province as an example/陈建斌等著.-北京:经济科学出版社,2021.07 |
| 142页:图;24cm |
| 广西省第九轮重点学科 广东财经大学工商管理优势重点学科建设专项资金资助 |
| ISBN 978-7-5218-1616-7:CNY39.00 |
| 本书内容包括: 特色小镇、产业发展与居民感知研究现状 ; 中国城市化发展特征与特色小镇建设 ; 广东省旅游经济协调发展的空间格局及演化对特色小镇建设的影响等。 |
| ● |
| 相关链接 |
|
|
|
正题名:特色小镇建设背景及居民幸福感感知研究
索取号:F299/C460
 
预约/预借
| 序号 | 登录号 | 条形码 | 馆藏地/架位号 | 状态 | 备注 |
| 1 | 1532457 | 215324575 | 社科库409/409社科库 114排1列1层/ [索取号:F299/C460] | 在馆 | |
| 2 | 1532458 | 215324584 | 社科库409/409社科库 114排1列1层/ [索取号:F299/C460] | 在馆 |